<La> normalisation
Saved in:
| Main Author: | |
|---|---|
| Other Authors: | |
| Format: | Book |
| Language: | French |
| Published: |
Paris
Presses Universitaires de France
1994
|
| Series: | Que sais - je ?
1954 |
| Subjects: | |
| Tags: |
No Tags, Be the first to tag this record!
|
MARC
| LEADER | 00000nam$a2200000$$$4500 | ||
|---|---|---|---|
| 001 | 0115302 | ||
| 005 | 20240111124542.5 | ||
| 020 | |a 2-13-046434-3 | ||
| 041 | 0 | |a fre | |
| 044 | |a FR | ||
| 245 | 1 | 0 | |a <La> normalisation |c Jacques Igalens, Hervé Penan |
| 264 | 1 | |a Paris |b Presses Universitaires de France |c 1994 | |
| 300 | |a 127 s. | ||
| 490 | 1 | |a Que sais - je ? |v 1954 | |
| 830 | 0 | |a Que sais - je ? |v 1954 | |
| 610 | 2 | 0 | |a normalizácia |
| 610 | 2 | 0 | |a normy |
| 100 | 1 | |a Igalens, Jacques | |
| 700 | 1 | |a Penan, Hervé | |